000 00908cam3a220026500 4500
001 tmp15860297
003 UPRA
005 20190815102057.0
008 951107s1967 nyu eng u
035 _a(Sirsi) r77367
035 _a(UPRA)tmp15860297
040 _cUPRA
100 1 _aCarew, Jan.
_6A37319.1
245 1 0 _aWinter in Moscow.
260 _a[New York :
_bAvon Books,
_c1967]
500 _a"A Ladder edition at the 1,000-word level."
500 _aOrig. published in 1964 as Moscow is not my Mecca in London, and Green Winter in New York.
650 0 _aDiscrimination -- Russia.
_zDiscrimination -- Russia.
_6S29375.1
650 0 _aStudents -- Russia.
_zStudents -- Russia.
_6S29376.1
650 0 _aNegro students in Russia.
_6S29377.1
650 0 _aGuyanese students in Russia.
_6S29378.1
949 _aLA838.7
_wlcc
_i-106157
_mMAIN
_tBOOK
_lON-SHELF
004 77367
987 _aWITHDRAWN
999 _c63762
_d63762